Milk and milk products; (Record no. 11370)

MARC details
000 -LEADER
fixed length control field 00776nam a22002411 4500
001 - CONTROL NUMBER
control field agr51000512
003 - CONTROL NUMBER IDENTIFIER
control field DLC
005 - DATE AND TIME OF LATEST TRANSACTION
control field 20260227111015.0
008 - FIXED-LENGTH DATA ELEMENTS--GENERAL INFORMATION
fixed length control field 800124s1951 nyua 00010 eng c
010 ## - LIBRARY OF CONGRESS CONTROL NUMBER
LC control number agr51000512
040 ## - CATALOGING SOURCE
Original cataloging agency U.S. Nat'l Agr. Libr.
050 0# - LIBRARY OF CONGRESS CALL NUMBER
Classification number SF239
Item number .E38 1951
082 ## - DEWEY DECIMAL CLASSIFICATION NUMBER
Classification number 637
100 10 - MAIN ENTRY--PERSONAL NAME
Personal name Eckles, Clarence Henry,
Dates associated with a name 1875-1933.
245 00 - TITLE STATEMENT
Title Milk and milk products;
Statement of responsibility, etc. prepared for the use of agriculture college students, by Clarence Henry Eckles, Willes Barnes Combs [and] Harold Macy.
250 ## - EDITION STATEMENT
Edition statement 4th ed.
260 0# - PUBLICATION, DISTRIBUTION, ETC.
Place of publication, distribution, etc. New York,
Name of publisher, distributor, etc. McGraw-Hill,
Date of publication, distribution, etc. 1951.
300 ## - PHYSICAL DESCRIPTION
Extent xiii, 454 p.
Other physical details illus.
Dimensions 24 cm.
490 0# - SERIES STATEMENT
Series statement McGraw-Hill publications in the agricultural sciences
650 #0 - SUBJECT ADDED ENTRY--TOPICAL TERM
Topical term or geographic name entry element Dairying.
650 #0 - SUBJECT ADDED ENTRY--TOPICAL TERM
Topical term or geographic name entry element Milk.
650 #0 - SUBJECT ADDED ENTRY--TOPICAL TERM
Topical term or geographic name entry element Dairy products.

No items available.

Powered by Koha